STAYC all songs(June 2025 update) - Statistics

General Stats
  • This quiz has been taken 55 times
    13 since last reset
  • The average score is 26 of 48
Answer Stats
Hint Answer % Correct
STAYDOM ASAP
100%
WE NEED LOVE BEAUTIFUL MONSTER
100%
STEREOTYPE STEREOTYPE
100%
Star To A Young Culture SO BAD
85%
TEENFRESH Bubble
77%
...l GPT
77%
JAPAN 1st Single Album POPPY
77%
YOUNG-LUV.COM RUN2U
77%
4th Single Album Teddy Bear
77%
Metamorphic Cheeky Icy Thang
69%
YOUNG-LUV.COM YOUNG LUV
69%
S BEBE
62%
Metamorphic Roses
62%
STAYDOM SO WHAT
62%
Metamorphic 1 Thing
54%
YOUNG-LUV.COM BUTTERFLY
54%
Metamorphic Find
54%
S PIPE DOWN
54%
YOUNG-LUV.COM 247
46%
Metamorphic Beauty Bomb
46%
S DIAMOND
46%
STAYDOM Love Fool
46%
Metamorphic Gummy Bear
46%
WE NEED LOVE I LIKE IT
46%
TEENFRESH I Wanna Do
46%
Star To A Young Culture LIKE THIS
46%
JAPAN 3rd Single Album Lit
46%
WE NEED LOVE LOVE
46%
...l Meant To Be
46%
JAPAN 4th Single Album MEOW
46%
TEENFRESH Not Like You
46%
YOUNG-LUV.COM SAME SAME
46%
Metamorphic Stay WITH me
46%
Metamorphic Trouble Maker
46%
TEENFRESH Be Mine
38%
STEREOTYPE COMPLEX
38%
YOUNG-LUV.COM I WANT U BABY
38%
Metamorphic Fakin'
38%
Metamorphic Flexing On My Ex
38%
Metamorphic Give It 2 Me
38%
STEREOTYPE I'll BE THERE
38%
Metamorphic Let Me Know
38%
JAPAN 6th Single Album Lover, Killer
38%
Metamorphic Nada
38%
STEREOTYPE SLOW DOWN
38%
Metamorphic Twenty
38%
Digital Single(Seeun x J) Over U, Goodbye
31%
JAPAN 5th Single Album Tell Me Now
23%
No matching quizzes found
Score Distribution
Percent of People with Each Score
Percentile by Number Answered
Your Score History
You have not taken this quiz since the last reset